Sports Quiz

Random Sports or College Quiz

Angry NCAA Basketball Coaches Quiz Stats

 Plays Quiz Updated Mar 14, 2016

Score 0/24 Timer 05:00
0 Plays Today
Coach % Correct
Roy Williams - North Carolina
91.7%
Tom Izzo - Michigan State
79.9%
Brad Stevens - Butler
78.1%
Jim Boeheim - Syracuse
75.2%
Bill Self - Kansas
75.1%
Rick Pitino - Louisville
72.1%
Billy Donovan - Florida
71.5%
Jay Wright - Villanova
63.6%
John Thompson III - Georgetown
61.2%
Sean Miller - Arizona
57.8%
Thad Matta - Ohio State
55.3%
Buzz Williams - Marquette
51.1%
Coach % Correct
Gregg Marshall - Wichita State
45.7%
John Beilein - Michigan
43.4%
Jim Larranaga - Miami
37%
Tommy Amaker - Harvard
35.6%
Bruce Weber - Kansas State
34%
John Groce - Illinois
27.9%
Mark Turgeon - Maryland
25.3%
Kevin Stallings - Vanderbilt
22.2%
Mark Gottfried - N.C. State
18.5%
Rick Byrd - Belmont
3%
Dr. John Giannini - LaSalle
2.7%
Dave Paulsen - Bucknell
1.9%

You're not logged in!

Compare scores with friends on all Sporcle quizzes.
Join for Free
OR
Log In

You Might Also Like...

Show Comments

Extras

Top Quizzes Today


Score Distribution

Your Account Isn't Verified!

In order to create a playlist on Sporcle, you need to verify the email address you used during registration. Go to your Sporcle Settings to finish the process.

Report this User

Report this user for behavior that violates our Community Guidelines.

Details: